All Portuguese League Teams Ever - Statistics

General Stats
  • This quiz has been taken 135 times
  • The average score is 29 of 72
Answer Stats
Seasons First season Answer % Correct
85 1934–35 Porto
100%
85 1934–35 Benfica
99%
85 1934–35 Sporting
97%
63 1947-48 Braga
95%
71 1934–35 Vitória de Setúbal
91%
74 1941–42 Vitória de Guimarães
85%
56 1935-36 Boavista
84%
1 2018–19 Belenenses SAD
82%
77 1934–35 Os Belenenses
82%
19 1988–89 Nacional
74%
39 1977–78 Marítimo
72%
25 1979–80 Rio Ave
72%
26 1944–45 Estoril
69%
16 1976–77 Portimonense
68%
64 1934–35 Académica
66%
23 1970–71 Farense
62%
4 1999–2000 Santa Clara
62%
5 1985–86 Desportivo das Aves
59%
4 2013–14 Arouca
58%
18 1979–80 União de Leiria
58%
9 2002–03 Moreirense
54%
20 1990–91 Paços de Ferreira
54%
27 1961–62 Beira-Mar
51%
6 1946–47 Famalicão
50%
18 1990–91 Gil Vicente
50%
16 1985–86 Chaves
49%
4 2015–16 Tondela
49%
6 1989–90 União da Madeira
49%
1 1938–39 Casa Pia
47%
20 1941–42 Olhanense
46%
1 1984–85 Vizela
46%
16 1988–89 Estrela da Amadora
45%
4 1978–79 Académico de Viseu
42%
5 1934–35 Académico do Porto
42%
7 1962–63 Feirense
36%
24 1943–44 Atlético CP
35%
25 1936–37 Leixões
35%
6 2005–06 Naval 1º de Maio
35%
24 1943–44 Salgueiros
35%
21 1963–64 Varzim
30%
5 1998–99 Alverca
26%
24 1937–38 Barreirense
26%
5 1995–96 Campomaiorense
26%
23 1942–43 CUF Barreiro
26%
14 1980–81 Penafiel
24%
15 1947–48 Sporting da Covilhã
24%
1 2008–09 Trofense
23%
14 1952–53 Lusitano de Évora
22%
3 1947–48 Lusitano VRSA
22%
1 1988–89 Fafe
20%
11 1974–75 Sporting de Espinho
19%
1 1972–73 União de Coimbra
19%
1 1995–96 Felgueiras
18%
8 1967–68 Tirsense
18%
5 1947–48 O Elvas
16%
1 1945–46 Oliveirense
16%
6 1955–56 Torreense
16%
6 1968–69 União de Tomar
16%
7 1950–51 Oriental
15%
4 1946–47 Sanjoanense
15%
2 1945–46 Elvas
14%
4 1955–56 Caldas
12%
4 1941–42 Leça
12%
1 1977–78 Riopele
9%
3 1980–81 Amora
8%
5 1935–36 Carcavelinhos
8%
3 1940–41 Unidos de Lisboa
8%
3 1972–73 Montijo
7%
2 1963–64 Seixal
7%
1 1982–83 Ginásio de Alcobaça
5%
1 1983–84 Águeda
3%
1 1934–35 União de Lisboa
3%
No matching quizzes found
Score Distribution
Percent of People with Each Score
Percentile by Number Answered
Your Score History
You have not taken this quiz